Trucas /

Guardado en:
Autor Principal: Gedovius, Juan
Formato: Libro
Publicado: Buenos Aires : Fondo de Cultura Económica, 2013
Edición:2a. reimp.
Series:Didáctica
Materias:
Etiquetas: Agregar Etiqueta
Sin Etiquetas, Sea el primero en etiquetar este registro!
LEADER 00890nam a22002775a 4500
001 CEM.cems015038
005 20191127155748.0
008 130507s2013##################000#0#####d
003 CEMS
020 |a 9789505578016 
082 0 4 |a M868.4 
100 1 |a Gedovius, Juan 
245 1 0 |a Trucas /  |c Juan Gedovius 
250 |a 2a. reimp. 
260 |a Buenos Aires :  |b Fondo de Cultura Económica,  |c 2013 
300 |a 28 p. 
490 0 |a Didáctica 
653 |a Literatura 
653 |a Literatura mexicana 
653 |a Literatura infantil 
653 |a Cuentos infantiles 
653 |a Libro Álbum 
653 |a Colección ciencias de la educación 
859 |a CEMS  |b BIB. CEMS - Ccias. Educacion  |h M868.4  |i G269  |k CE  |p 27948.19  |t Ej.1 
859 |a CEMS  |b BIB. CEMS - Ccias. Educacion  |h M868.4  |i G269  |k CE  |p 28732.19  |t Ej.2 
859 |a CEMS  |b BIB. CEMS - Ccias. Educacion  |h M868.4  |i G269  |k CE  |p 28733.19  |t Ej.3